Účtovné a daňové aspekty predčasného skončenia finančného prenájmu v SR diplomová práca

Guardado en:
Detalles Bibliográficos
Autor principal: Jurčišinová, Lucia
Autor Corporativo: Fakulta hospodárskej informatiky EU. Katedra účtovníctva a audítorstva
Otros Autores: Mateášová, Martina, 1979-
Formato: Libro
Lenguaje:eslovaco
Publicado: Bratislava 2016
Etiquetas: Agregar Etiqueta
Sin Etiquetas, Sea el primero en etiquetar este registro!

MARC

LEADER 00000nbm a2200000 4500
001 0218985
005 20240905084953.5
041 0 |a slo 
044 |a SK 
245 1 0 |a Účtovné a daňové aspekty predčasného skončenia finančného prenájmu v SR  |b diplomová práca  |c Lucia Jurčišinová ; školiteľ: Martina Mateášová 
264 1 |a Bratislava  |c 2016 
300 |a 77 s. 
100 1 |a Jurčišinová, Lucia 
700 1 |a Mateášová, Martina, 1979- 
710 2 |a Fakulta hospodárskej informatiky EU. Katedra účtovníctva a audítorstva